[Event "1MCRV_F"]
[Site "?"]
[Date "2002.??.??"]
[Round "?"]
[White "Vondracek, Emil"]
[Black "Pytlik, Lesek"]
[Result "0-1"]
[WhiteElo "2280"]
[BlackElo "2260"]
[PlyCount "94"]
[EventDate "2002.??.??"]
[EventType "corr"]
[EventRounds "2"]
[SourceDate "2004.??.??"]

1. e4 d5 2. exd5 Nf6 3. d4 Nxd5 4. Bc4 e6 5. Nf3 Be7 6. O-O O-O 7. Qe2 Nc6 8.
c3 a6 9. Qc2 b5 10. Bd3 h6 11. Nbd2 Bb7 12. a4 b4 13. Re1 Na5 14. Ne4 Rc8 15.
Ne5 c5 16. Nxc5 Bxc5 17. dxc5 Rxc5 18. Rb1 Nc6 19. Nxc6 Bxc6 20. c4 Qh4 21. Re4
Qe7 22. Re2 Qc7 23. Re1 Nf6 24. Be3 Ra5 25. h3 Qb7 26. f3 Bxa4 27. b3 Bc6 28.
Qf2 e5 29. Bb6 Ra3 30. Bc2 Re8 31. Be3 Ra5 32. Bb6 Ra2 33. Re2 Kh8 34. Rbe1 a5
35. Bd1 Rxe2 36. Rxe2 e4 37. Bxa5 Ra8 38. Ra2 Qd7 39. Be2 Qe6 40. Qe3 Nd7 41.
Bf1 Qf5 42. g4 Qc5 43. Qxc5 Nxc5 44. Bxb4 Rxa2 45. Bxc5 exf3 46. b4 Be4 47. b5
f2+ 0-1

[Event "1MCRV_F"]
[Site "?"]
[Date "2002.??.??"]
[Round "?"]
[White "Kostal, Jindrich"]
[Black "Kuchta, Jiri"]
[Result "1/2-1/2"]
[WhiteElo "2305"]
[BlackElo "2255"]
[PlyCount "103"]
[EventDate "2002.??.??"]
[EventType "corr"]
[EventRounds "2"]
[SourceDate "2004.??.??"]

1. e4 e5 2. Nf3 Nc6 3. Bb5 Nf6 4. O-O Nxe4 5. d4 Nd6 6. Bxc6 dxc6 7. dxe5 Nf5
8. Qxd8+ Kxd8 9. Bg5+ Ke8 10. Rd1 Be6 11. Nc3 h6 12. Bd2 Rd8 13. a3 a6 14. Ne2
Bd5 15. Ne1 f6 16. Nd3 fxe5 17. Nxe5 Bd6 18. Bc3 Be4 19. Re1 Bxe5 20. Bxe5 Kf7
21. Nd4 Nxd4 22. Rxe4 Ne6 23. Rae1 Rhe8 24. f4 c5 25. Kf2 Nd4 26. c3 Nb5 27. g4
Nd6 28. R4e2 g6 29. b3 c4 30. b4 Nc8 31. a4 Rd3 32. a5 Nd6 33. Bxd6 Rxe2+ 34.
Kxe2 cxd6 35. Rd1 Rxc3 36. Rxd6 Rh3 37. Kd2 Rxh2+ 38. Kc3 Rg2 39. Rb6 Rxg4 40.
Rxb7+ Ke6 41. Kxc4 g5 42. Rb6+ Kf5 43. Rxa6 gxf4 44. Kd3 f3 45. Ra8 Rxb4 46. a6
Rb3+ 47. Kd2 Rb2+ 48. Ke1 Re2+ 49. Kf1 Re7 50. Kf2 Ke4 51. Rb8 Ra7 52. Rb4+
1/2-1/2

[Event "1MCRV_F"]
[Site "?"]
[Date "2002.??.??"]
[Round "?"]
[White "Hybl, Vladislav"]
[Black "Skalicky, Frantisek"]
[Result "1/2-1/2"]
[WhiteElo "2305"]
[BlackElo "2245"]
[PlyCount "51"]
[EventDate "2002.??.??"]
[EventType "corr"]
[EventRounds "2"]
[SourceDate "2004.??.??"]

1. e4 e5 2. Nf3 Nf6 3. d4 Nxe4 4. Bd3 d5 5. Nxe5 Bd6 6. O-O O-O 7. c4 Bxe5 8.
dxe5 Nc6 9. cxd5 Qxd5 10. Qc2 Nb4 11. Bxe4 Nxc2 12. Bxd5 Bf5 13. g4 Bxg4 14.
Be4 Nxa1 15. Nc3 c6 16. Bf4 f5 17. exf6 Nb3 18. axb3 Rxf6 19. Be3 Bf3 20. Bxf3
Rxf3 21. Rd1 Rf7 22. b4 a6 23. Kg2 Re8 24. Rd4 Rfe7 25. Na4 Kf7 26. Rf4+
1/2-1/2

[Event "1MCRV_F"]
[Site "?"]
[Date "2002.??.??"]
[Round "?"]
[White "Kuta, Jiri"]
[Black "Koukal, Vladimir"]
[Result "1/2-1/2"]
[WhiteElo "2320"]
[BlackElo "2240"]
[PlyCount "107"]
[EventDate "2002.??.??"]
[EventType "corr"]
[EventRounds "2"]
[SourceDate "2004.??.??"]

1. d4 Nf6 2. c4 e6 3. Nf3 b6 4. a3 Bb7 5. Nc3 d5 6. cxd5 Nxd5 7. Qc2 Nxc3 8.
Qxc3 Bd6 9. Bg5 f6 10. Bh4 Nd7 11. e3 c5 12. Bc4 Qe7 13. O-O a6 14. e4 g5 15.
Bg3 Bxg3 16. hxg3 b5 17. Ba2 c4 18. Nd2 e5 19. d5 h5 20. b3 Qxa3 21. Bb1 Qe7
22. bxc4 Rc8 23. Qe3 bxc4 24. Ba2 h4 25. Nxc4 hxg3 26. fxg3 Rc5 27. Qa3 a5 28.
Nxa5 Ba6 29. Bc4 Bxc4 30. Nb7 Kf7 31. Nxc5 Bxf1 32. Nxd7 Qxa3 33. Rxa3 Bb5 34.
Ra7 Kg6 35. Nc5 Rc8 36. Ne6 f5 37. Rg7+ Kf6 38. exf5 Rc1+ 39. Kh2 g4 40. Rxg4
Kxf5 41. Rb4 Bc4 42. Nc7 Be2 43. d6 Rd1 44. Ne8 e4 45. Ra4 Rd3 46. Ra5+ Kg6 47.
Re5 e3 48. Nc7 Rxd6 49. Nd5 Rd8 50. Nxe3 Rh8+ 51. Kg1 Rb8 52. g4 Rb5 53. Rxb5
Bxb5 54. Kf2 1/2-1/2

[Event "1MCRV_F"]
[Site "?"]
[Date "2002.??.??"]
[Round "?"]
[White "Sluka, Vaclav"]
[Black "Nevole, Milan"]
[Result "0-1"]
[WhiteElo "2245"]
[BlackElo "2210"]
[PlyCount "70"]
[EventDate "2002.??.??"]
[EventType "corr"]
[EventRounds "2"]
[SourceDate "2004.??.??"]

1. d4 Nf6 2. c4 c5 3. d5 e6 4. Nc3 exd5 5. cxd5 d6 6. e4 g6 7. f4 Bg7 8. Bb5+
Nfd7 9. a4 O-O 10. Nf3 Na6 11. O-O Nc7 12. Bd3 Na6 13. Bxa6 bxa6 14. Re1 Re8
15. Qc2 Rb8 16. a5 Rb4 17. Bd2 Rb7 18. Ra2 Nf6 19. h3 Rb8 20. Kf2 Bd7 21. g3
Bxh3 22. Rh1 Bg4 23. Nh2 Nxe4+ 24. Nxe4 Bd4+ 25. Kg2 Bf5 26. Re1 Qe7 27. Kf3
Rb3+ 28. Bc3 Bxc3 29. bxc3 Bxe4+ 30. Kf2 Bxc2 31. Rxe7 Rxe7 32. Rxc2 Ra3 33.
Ng4 Rxa5 34. f5 h5 35. f6 Re8 0-1

[Event "1MCRV_F"]
[Site "?"]
[Date "2002.??.??"]
[Round "?"]
[White "Sykora, Josef"]
[Black "Mudra, Oldrich"]
[Result "1-0"]
[WhiteElo "2370"]
[BlackElo "2200"]
[PlyCount "83"]
[EventDate "2002.??.??"]
[EventType "corr"]
[EventRounds "2"]
[SourceDate "2004.??.??"]

1. Nf3 e6 2. g3 d5 3. Bg2 Nf6 4. c4 Be7 5. d4 O-O 6. O-O dxc4 7. Qc2 a6 8. Qxc4
b5 9. Qc2 Bb7 10. Bd2 Be4 11. Qc1 Nc6 12. Be3 Rb8 13. Rd1 b4 14. Nbd2 Bd5 15.
Bg5 Ne4 16. Bxe7 Qxe7 17. Nxe4 Bxe4 18. Ne5 Bxg2 19. Nxc6 Bxc6 20. Qxc6 Rb6 21.
Qc4 Rd8 22. Rac1 Rd7 23. Qb3 Rdd6 24. Rc4 Rdc6 25. Rdc1 Rxc4 26. Rxc4 h6 27.
Qc2 Rb7 28. Qe4 Ra7 29. d5 a5 30. Rc6 Ra8 31. dxe6 Rd8 32. b3 fxe6 33. Rxe6 Qc5
34. Re5 Qb6 35. Kg2 Rf8 36. f4 Rd8 37. h4 Kh8 38. g4 Qf6 39. g5 hxg5 40. hxg5
Qa6 41. Kg3 Qa8 42. Qg6 1-0